| 000 | 02108cam a22002054a 4500 | ||
|---|---|---|---|
| 005 | 20250605164006.0 | ||
| 008 | 250528s ||||||||||||||||||||||||d | ||
| 035 | _a15812 | ||
| 020 | _a9600328013 | ||
| 040 |
_aGR-AtMCL _bgre _dGR-AtMCL _eAACR2 |
||
| 245 | 1 | _aΟι Όψεις της Οργάνωσης / Εισαγωγή στις Θεωρίες της Οργάνωσης και Διοίκησης | |
| 260 |
_bΚαστανιώτη, _c2000 |
||
| 300 | _a562 | ||
| 520 | _aΊσως το καλύτερο βιβλίο που γράφτηκε στο ομόνυμο επιστημονικό πεδίο. Πρόλογος, Εισαγωγή, Μερικές Όψεις της Οργάνωσης, Η Μηχανοποίηση Αναλαμβάνει τον Έλεγχο: Οι Οργανώσεις ως Μηχανές, Η Φύση Παρεμβαίνει: Οι Οργανώσεις ως Βιολογικοί Οργανισμοί, Μάθηση και Αυτο-Οργάνωση: Οι Οργανώσεις ως Εγκέφαλοι, Κατασκευάζοντας την Κοινωνική Πραγματικότητα: Οι Οργανώσεις ως Κουλτούρες, Συμφέροντα και Συγκρούσεις και Ισχύς: Οι Οργανώσεις ως Πολιτικά Συστήματα, Εξερευνώντας τη Σπηλιά του Πλάτωνα: Οι Οργανώσεις ως Ψυχικές Φυλακές, Αποκαλύπτοντας τις Λογικές των Αλλαγών: Η Οργάνωση ως Ροή και Μετασχηματισμός, Το Άσχημο Πρόσωπο: Οι Οργανώσεις ως Εργαλεία Κυριαρχίας, Επιπτώσεις στην Πράξη, Η Πρόκληση των Μεταφορικών Περιγραφών, Αναγιγνώσκοντας και Διαπλάθοντας την Οργανωσιακή Ζωή, Υστερόγραφο, Βιβλιογραφία, Ευρετήριο. | ||
| 700 | 1 |
_aMorgan Gareth _9608 |
|
| 700 | 1 |
_aΤσούκας Χαρίδημος Κ _91809 |
|
| 942 | _cBK | ||
| 999 |
_c1363 _d1363 |
||